000 00269nam a2200109Ia 4500
001 1263889
005 20260417141928.0
008 260417s9999 xx 000 0 und d
020 _a9786258094831
245 0 _aYaşamak
_cCahit Zarifoğlu
260 _bKetebe Yayınları
999 _c1263889
_d1263889